000
00429nam a2200145Ia 4500
008
100204s9999 xx 000 0 und d
082
_b
25985
100
_a
मेहता अभय
245
_a
वज्राघात
260
_b
"ओरिएंटल लाँगमन , दिल्ली"
_c
2001
300
_a
149
630
_a
वज्राघात
730
_a
वज्राघात
942
_c
BOOK
999
_c
471166
_d
471163